000 00383nam a2200145 i 4500
001 bg
100 1 _aPIETRASZEK, P.
245 0 _aĆwiczenia laboratoryjne z technologii osadów ściekowych /
_cP. Pietraszek, J. Podedworna.
260 _aWarszawa,
_c1990.
700 1 _aPODEDWORNA, J.
040 _cBPK
041 _apol
942 _cKS
008 s pl f |000 0 pol
999 _c4171
_d4171
856 _uhttp://koha.tu.koszalin.pl/cgi-bin/koha/opac-detail.pl?biblionumber=4171
_yKatalog online BPK